[Event "II Zicosur 2016"]
[Site "Antofagasta"]
[Date "2016.01.07"]
[Round "5"]
[White "El Debs, Felipe de Cresce"]
[Black "Escalante Ramirez, Brian Sebasti"]
[Result "0-1"]
[WhiteElo "2514"]
[BlackElo "2331"]
[Annotator "Robot 9"]
[PlyCount "78"]
[EventDate "2016.??.??"]
[EventCountry "CHI"]
[TimeControl "5400+30"]

1. d4 {[%emt 0:00:00]} Nf6 {[%emt 0:00:01]} 2. c4 {[%emt 0:00:00]} g6 {[%emt 0:
00:04]} 3. Nc3 {[%emt 0:00:00]} Bg7 {[%emt 0:00:03]} 4. e4 {[%emt 0:00:03]} d6
{[%emt 0:00:05]} 5. Nf3 {[%emt 0:00:09]} O-O {[%emt 0:00:05]} 6. Be2 {[%emt 0:
00:06]} e5 {[%emt 0:00:17]} 7. Be3 {[%emt 0:00:09]} Na6 {[%emt 0:00:05]} 8. O-O
{[%emt 0:00:11]} Ng4 {[%emt 0:00:03]} 9. Bg5 {[%emt 0:00:08]} Qe8 {[%emt 0:00:
04]} 10. dxe5 {[%emt 0:00:13]} dxe5 {[%emt 0:00:14]} 11. h3 {[%emt 0:00:10]} f6
{[%emt 0:00:07]} 12. Bd2 {[%emt 0:00:11]} Nh6 {[%emt 0:00:03]} 13. Be3 {
[%emt 0:00:10]} c6 {[%emt 0:03:02]} 14. c5 {[%emt 0:01:43]} Nc7 {[%emt 0:02:33]
} 15. Nd2 {[%emt 0:01:10]} f5 {[%emt 0:06:41]} 16. exf5 {[%emt 0:09:26]} Nxf5 {
[%emt 0:05:57]} 17. Nde4 {[%emt 0:01:58]} Be6 {[%emt 0:01:12]} 18. Nd6 {
[%emt 0:02:55]} Qe7 {[%emt 0:00:43]} 19. Qd2 {[%emt 0:14:32]} Nxe3 {[%emt 0:08:
42]} 20. Qxe3 {[%emt 0:00:52]} Nd5 {[%emt 0:01:14]} 21. Nxd5 {[%emt 0:05:02]}
cxd5 {[%emt 0:00:10]} 22. Rad1 {[%emt 0:02:45]} b6 {[%emt 0:28:32]} 23. b4 {
[%emt 0:01:03]} a5 {[%emt 0:01:57]} 24. a3 {[%emt 0:00:19]} axb4 {[%emt 0:00:
33]} 25. axb4 {[%emt 0:00:06]} bxc5 {[%emt 0:00:15]} 26. bxc5 {[%emt 0:00:39]}
Kh8 {[%emt 0:08:37]} 27. Bg4 {[%emt 0:07:20]} Bg8 {[%emt 0:01:44]} 28. Rb1 {
[%emt 0:00:41]} e4 {[%emt 0:04:05]} 29. Rb7 {[%emt 0:12:03]} Qe5 {[%emt 0:00:
09]} 30. Rd7 {[%emt 0:01:14]} Ra1 {[%emt 0:01:22]} 31. Be2 {[%emt 0:04:22]} Be6
{[%emt 0:13:24]} 32. Rb7 {[%emt 0:00:17]} Rxf1+ {[%emt 0:03:24]} 33. Bxf1 {
[%emt 0:00:07]} Qf6 {[%emt 0:01:01]} 34. Qg3 {[%emt 0:14:02]} Bh6 {[%emt 0:00:
40]} 35. Rb1 {[%emt 0:02:08]} Bf4 {[%emt 0:01:48]} 36. Qa3 {[%emt 0:00:19]} Be5
{[%emt 0:01:36]} 37. Qa2 {[%emt 0:04:24]} Bd4 {[%emt 0:00:21]} 38. c6 {[%emt 0:
00:13]} Bxf2+ {[%emt 0:00:07]} 39. Kh1 {[%emt 0:00:05]} Bg3 {[%emt 0:00:06]}
0-1

[Event "II Zicosur 2016"]
[Site "Antofagasta"]
[Date "2016.01.07"]
[Round "5"]
[White "Valenzuela Gomez, Fernando"]
[Black "Rodriguez Vila, Andres"]
[Result "0-1"]
[WhiteElo "2293"]
[BlackElo "2487"]
[Annotator "Robot 9"]
[PlyCount "54"]
[EventDate "2016.??.??"]
[EventCountry "CHI"]
[TimeControl "5400+30"]

1. d4 f5 2. g3 Nf6 3. Bg2 g6 4. Nf3 Bg7 5. c4 O-O 6. O-O d6 7. Nc3 Nc6 8. d5
Na5 9. Qa4 b6 10. Nd2 Bd7 11. Qc2 c5 12. dxc6 Bxc6 13. Bxc6 Nxc6 14. Nf3 Qd7
15. Rb1 e5 16. Bg5 e4 17. Nh4 Ne5 18. Rfd1 Rac8 19. b3 b5 20. cxb5 f4 21. Bxf4
Qh3 22. f3 Nh5 23. Ng2 Rxc3 24. Qxe4 Nf6 25. Qd4 Nfg4 26. Qd5+ Kh8 27. fxg4
Nxg4 0-1

[Event "Zicosur 2016"]
[Site "?"]
[Date "2016.01.08"]
[Round "5.12"]
[White "PEREZ, Mathias"]
[Black "PRINCIPE, Gerson"]
[Result "1/2-1/2"]
[WhiteElo "2416"]
[BlackElo "2252"]
[PlyCount "39"]
[EventDate "2016.??.??"]

1. e4 c5 2. Nf3 e6 3. g3 Nc6 4. Bg2 Nf6 5. Qe2 d5 6. d3 Be7 7. O-O O-O 8. e5
Nd7 9. c4 Nb6 10. h4 f5 11. exf6 Bxf6 12. Be3 Qe7 13. Re1 Bd7 14. Bg5 Rae8 15.
Nc3 Bxg5 16. Nxg5 h6 17. Nh3 Nd4 18. Qd2 dxc4 19. Nf4 Qf7 20. Ne4 1/2-1/2

[Event "ZICOSUR 2016"]
[Site "?"]
[Date "2016.01.08"]
[Round "5.49"]
[White "TORREALBA, Dario"]
[Black "SOTELO, Jose Miguel"]
[Result "0-1"]
[WhiteElo "1933"]
[BlackElo "1507"]
[PlyCount "52"]
[EventDate "2016.??.??"]

1. e4 c5 2. Nf3 Nc6 3. d4 cxd4 4. Nxd4 Nf6 5. Nc3 d6 6. Bc4 e6 7. Bb3 a6 8. Be3
Be7 9. Qe2 Qc7 10. g4 Nxd4 11. Bxd4 e5 12. Be3 Be6 13. g5 Nd7 14. O-O-O Nb6 15.
f4 O-O-O 16. Bd5 Bxd5 17. Nxd5 Nxd5 18. exd5 f5 19. Rd3 Kb8 20. Rb3 Rc8 21. Kb1
Qc4 22. Qd2 exf4 23. Bxf4 Rc5 24. Qe3 Qxc2+ 25. Ka1 Qe4 26. Qf2 Qxh1+ 0-1

[Event "Zicosur 2016"]
[Site "?"]
[Date "2016.01.08"]
[Round "5.20"]
[White "CERDA, Guillermo"]
[Black "BARRIA, Armin"]
[Result "1/2-1/2"]
[WhiteElo "2240"]
[BlackElo "2045"]
[PlyCount "85"]
[EventDate "2016.??.??"]

1. e4 e5 2. Nf3 Nc6 3. Bc4 Nf6 4. d3 Bc5 5. c3 Qe7 6. Bb3 d6 7. a4 a6 8. O-O
Bg4 9. Nbd2 h6 10. Re1 g5 11. Nf1 O-O-O 12. Ne3 Bxe3 13. fxe3 d5 14. exd5 Nxd5
15. e4 Nf4 16. Bxf4 gxf4 17. Bd5 Rd6 18. b4 Nd8 19. b5 a5 20. d4 Rg8 21. Kh1
Rdg6 22. Ra2 Ne6 23. b6 c6 24. Bxe6+ Qxe6 25. d5 cxd5 26. Qxd5 Qxd5 27. exd5
Bxf3 28. gxf3 Rxb6 29. Rg2 Rxg2 30. Kxg2 f6 31. Kh3 Rb3 32. Rc1 f5 33. Kh4 e4
34. fxe4 fxe4 35. Kg4 f3 36. Kf4 Rb2 37. Kxe4 Rxh2 38. Kxf3 Ra2 39. Ke4 Rxa4+
40. Ke5 Kd7 41. c4 b6 42. Rh1 Rxc4 43. Rxh6 1/2-1/2

[Event "ZICOSUR 2016"]
[Site "?"]
[Date "2016.01.08"]
[Round "5.21"]
[White "MAGAS, Rodrigo"]
[Black "REQUEJO, Oswaldo"]
[Result "0-1"]
[WhiteElo "2089"]
[BlackElo "2240"]
[PlyCount "74"]
[EventDate "2016.??.??"]

1. e4 e5 2. Nf3 Nc6 3. Be2 Nf6 4. d3 d5 5. Nbd2 Be7 6. c3 O-O 7. Qc2 a5 8. a4
h6 9. h3 Be6 10. Nf1 Nd7 11. Ne3 d4 12. Nd5 Nc5 13. Nxe7+ Qxe7 14. Ra3 f5 15.
Bd2 fxe4 16. dxe4 Rad8 17. cxd4 exd4 18. Bc4 Nxe4 19. Qxe4 Bxc4 20. Qxe7 Nxe7
21. Bxa5 Nd5 22. Bd2 c5 23. Kd1 Rde8 24. Re1 Rxe1+ 25. Bxe1 Re8 26. b3 Be2+ 27.
Kd2 Bxf3 28. gxf3 Nf4 29. Kd1 Nd3 30. Bd2 Nxf2+ 31. Kc2 Rf8 32. b4 c4 33. a5 c3
34. Bc1 Rc8 35. Bf4 d3+ 36. Kc1 d2+ 37. Bxd2 Nd3+ 0-1

[Event "ZICOSUR 2016"]
[Site "?"]
[Date "2016.01.08"]
[Round "5.8"]
[White "ABARCA, Nicolas"]
[Black "MARTINEZ, Jose"]
[Result "0-1"]
[WhiteElo "2400"]
[BlackElo "2469"]
[PlyCount "96"]
[EventDate "2016.??.??"]

1. e4 c5 2. Nf3 d6 3. Bb5+ Nd7 4. O-O a6 5. Bd3 Ngf6 6. c4 g6 7. Nc3 Bg7 8. a3
O-O 9. b4 Ng4 10. Bb2 Nde5 11. Nxe5 Nxe5 12. Be2 Nc6 13. b5 axb5 14. cxb5 Nd4
15. Bc4 e6 16. a4 b6 17. Re1 Bb7 18. Bf1 f5 19. d3 fxe4 20. dxe4 Be5 21. Qg4
Rf4 22. Qd1 Qf6 23. f3 Rh4 24. h3 Qf4 25. Ne2 Nxf3+ 26. Kf2 Qh2 27. Bxe5 Nxe5
28. Ke3 Rxe4+ 29. Kd2 Nf3+ 30. gxf3 Rd4+ 31. Ke3 Rxd1 32. Rexd1 Rf8 33. f4 g5
34. Rxd6 gxf4+ 35. Kd3 f3 36. Rxe6 Bc8 37. Re3 Qd6+ 38. Kc2 Bf5+ 39. Kc1 Qh6
40. Raa3 fxe2 41. Bxe2 Re8 42. Kd2 Qf4 43. Bc4+ Kg7 44. Bf1 Qf2+ 45. Be2 Rd8+
46. Kc1 Qe1+ 47. Kb2 Qb1+ 48. Kc3 Qb4# 0-1

[Event "Zicosur 2016"]
[Site "?"]
[Date "2016.01.07"]
[Round "5.52"]
[White "BUZETA, Axhel"]
[Black "SANCHEZ, Benjamin"]
[Result "1-0"]
[WhiteElo "1783"]
[BlackElo "1350"]
[PlyCount "43"]
[EventDate "2016.??.??"]
[SourceDate "2016.01.07"]

1. e4 c5 2. Nf3 d6 3. d4 cxd4 4. Nxd4 Nf6 5. Nc3 a6 6. Be2 e6 7. O-O Be7 8. Be3
O-O 9. f4 Qc7 10. g4 e5 11. Nb3 exf4 12. Bxf4 Nc6 13. Kh1 b5 14. g5 Nd7 15. Nd5
Qb7 16. Nxe7+ Nxe7 17. Bxd6 Ra7 18. Bf3 Re8 19. Bg3 Nc6 20. e5 Ndxe5 21. Bxe5
Rxe5 22. Na5 1-0

[Event "Zicosur 2016"]
[Site "?"]
[Date "2016.01.07"]
[Round "5.27"]
[White "BELMONTE, Diego"]
[Black "ROMERO ARAYA, Diego"]
[Result "0-1"]
[WhiteElo "1948"]
[BlackElo "2246"]
[PlyCount "48"]
[EventDate "2016.??.??"]
[SourceDate "2016.01.07"]

1. e4 c6 2. d4 d5 3. Nc3 dxe4 4. Nxe4 Bf5 5. Ng3 Bg6 6. Bc4 e6 7. h4 h6 8. N1e2
Nf6 9. Nf4 Bh7 10. Qe2 Nbd7 11. Bb3 Bd6 12. Bd2 Qc7 13. Qf3 O-O-O 14. O-O-O c5
15. dxc5 Nxc5 16. Nfe2 Nxb3+ 17. Qxb3 Ng4 18. Rhf1 Bc5 19. Qc3 Nxf2 20. Rde1
Nd3+ 21. cxd3 Rxd3 22. Qc4 Rxd2 23. Kxd2 Rd8+ 24. Kc3 b5 0-1

[Event "ZICOSUR 2016"]
[Site "?"]
[Date "2016.01.07"]
[Round "5.51"]
[White "BARRERA, Victor Hugo"]
[Black "HUANCA, Joaquìn"]
[Result "1-0"]
[WhiteElo "1785"]
[BlackElo "1442"]
[PlyCount "86"]
[EventDate "2016.??.??"]
[SourceDate "2016.01.07"]

1. e4 c5 2. Nf3 d6 3. d4 cxd4 4. Qxd4 Nc6 5. Bb5 Bd7 6. Bxc6 Bxc6 7. O-O Nf6 8.
Nc3 g6 9. Bg5 Bg7 10. Rfe1 O-O 11. Qd2 Rc8 12. h3 a6 13. Rab1 Re8 14. Bh6 Qc7
15. Bxg7 Kxg7 16. g4 h6 17. Re3 Nd7 18. Nd4 Ne5 19. Qe2 b5 20. b3 Bb7 21. f4
Nc6 22. Nxc6 Qxc6 23. Qd3 Qc7 24. Rc1 Qa5 25. a4 b4 26. Ne2 Qc5 27. Qd4+ Qxd4
28. Nxd4 e5 29. fxe5 dxe5 30. Nf3 f6 31. Kf2 Red8 32. c3 a5 33. c4 Bc6 34. Ke2
Rd7 35. Rd1 Rcd8 36. Rxd7+ Rxd7 37. Nd2 g5 38. Rd3 Rc7 39. Ke3 Kf7 40. Rd8 Bb7
41. Rh8 Kg7 42. Rb8 Bc6 43. Rb6 Be8 1-0

[Event "ZICOSUR 2016"]
[Site "?"]
[Date "2016.01.07"]
[Round "5.13"]
[White "GEMY, Jose"]
[Black "CHRISTIE, Ian"]
[Result "1/2-1/2"]
[WhiteElo "1768"]
[BlackElo "2407"]
[PlyCount "61"]
[EventDate "2016.??.??"]
[SourceDate "2016.01.07"]

1. e4 e5 2. Nf3 Nc6 3. Bb5 a6 4. Ba4 Nf6 5. d3 b5 6. Bb3 Be7 7. O-O d6 8. a4
Bg4 9. c3 O-O 10. h3 Bh5 11. g4 Bg6 12. Re1 Qd7 13. Bg5 Rab8 14. axb5 axb5 15.
Nbd2 h6 16. Bxf6 Bxf6 17. Nf1 Nd8 18. Ne3 Ne6 19. Kh2 Nf4 20. Nd5 Nxd5 21. Bxd5
c6 22. Bb3 d5 23. Qe2 b4 24. c4 d4 25. Ra5 Ra8 26. Rea1 Rxa5 27. Rxa5 Qd8 28.
Ra4 c5 29. Qd2 Kh8 30. Kg2 Qc7 31. Qc1 1/2-1/2

[Event "Zicosur 2016"]
[Site "?"]
[Date "2016.01.07"]
[Round "5.28"]
[White "CHANDIA, Omar"]
[Black "AVALOS, Joao"]
[Result "0-1"]
[WhiteElo "1995"]
[BlackElo "2148"]
[PlyCount "100"]
[EventDate "2016.??.??"]
[SourceDate "2016.01.07"]

1. e4 e6 2. d4 d5 3. Nc3 Bb4 4. a3 Bxc3+ 5. bxc3 Ne7 6. e5 c5 7. Ne2 Nbc6 8. g3
Qa5 9. Bd2 Qa4 10. Be3 b6 11. Nc1 Ba6 12. Bxa6 Qxa6 13. Ne2 cxd4 14. cxd4 Rc8
15. O-O Qc4 16. c3 Nf5 17. Bc1 Na5 18. Rb1 O-O 19. Rb4 Qa6 20. a4 Nc4 21. Qd3
Qb7 22. g4 Ne7 23. Ng3 f6 24. f4 f5 25. g5 Qd7 26. Nh5 a5 27. Rb5 Nc6 28. Qh3
Na7 29. Kh1 Nxb5 30. axb5 g6 31. Nf6+ Rxf6 32. gxf6 a4 33. Qh6 a3 34. Rg1 Qf7
35. h4 Kh8 36. h5 Rg8 37. Bxa3 gxh5 38. Rxg8+ Kxg8 39. Be7 Ne3 40. Bb4 Ng4 41.
Qg5+ Kh8 42. Bc5 Nf2+ 43. Kg2 Ne4 44. Qg7+ Qxg7+ 45. fxg7+ Kxg7 46. c4 dxc4 47.
Bxb6 Nc3 48. d5 exd5 49. e6 Nxb5 50. e7 Kf7 0-1

[Event "Zicosur 2016"]
[Site "?"]
[Date "2016.01.07"]
[Round "5.30"]
[White "RIVERA, Andres"]
[Black "DONAYRE, Bertìn"]
[Result "0-1"]
[WhiteElo "1895"]
[BlackElo "2134"]
[PlyCount "76"]
[EventDate "2016.??.??"]
[SourceDate "2016.01.07"]

1. e4 c5 2. Nf3 g6 3. Nc3 Bg7 4. d4 cxd4 5. Nxd4 Nc6 6. Be3 Nf6 7. Nxc6 bxc6 8.
e5 Nd5 9. Nxd5 cxd5 10. Qxd5 Rb8 11. Bc4 O-O 12. O-O Qc7 13. f4 d6 14. Bb3 Be6
15. Qd4 a5 16. Qd2 dxe5 17. fxe5 Bxe5 18. Bf4 Qb6+ 19. Be3 Qc7 20. Bf4 Bxf4 21.
Qxf4 Qxf4 22. Rxf4 Rfc8 23. Rd1 Rb7 24. Rfd4 Bxb3 25. cxb3 Rc2 26. R4d2 Rbc7
27. Kf2 f5 28. Ke3 Kf7 29. Rxc2 Rxc2 30. Rd2 f4+ 31. Kd3 Rxd2+ 32. Kxd2 Ke6 33.
a3 Kd5 34. Kc3 e5 35. b4 axb4+ 36. Kxb4 Kd4 37. Kb3 e4 38. Kc2 Ke3 0-1

[Event "Zicosur 2016"]
[Site "?"]
[Date "2016.01.07"]
[Round "5.52"]
[White "GUTIERREZ MONTES, Sebastian"]
[Black "MELENDES SUAREZ, Fernando"]
[Result "1/2-1/2"]
[WhiteElo "2110"]
[BlackElo "1830"]
[PlyCount "50"]
[EventDate "2016.??.??"]
[SourceDate "2016.01.07"]

1. e4 d6 2. d4 Nf6 3. Nc3 g6 4. Bg5 Bg7 5. e5 Nfd7 6. f4 f6 7. exf6 Nxf6 8. Bc4
Bg4 9. Qd2 c6 10. h3 Bd7 11. O-O-O b5 12. Bd3 Na6 13. Re1 Nb4 14. Be4 d5 15.
Bf3 a5 16. Bg4 h6 17. Bxf6 Bxf6 18. a3 Na6 19. Qd3 Rg8 20. Nf3 b4 21. Nb1 bxa3
22. bxa3 h5 23. Be6 Rg7 24. Re2 Qc7 25. Rhe1 Bh4 1/2-1/2

[Event "Zicosur 2016"]
[Site "?"]
[Date "2016.01.07"]
[Round "5.43"]
[White "CASTILLO, Hernan"]
[Black "DELGADILLO, Adonay"]
[Result "0-1"]
[WhiteElo "1771"]
[BlackElo "2123"]
[PlyCount "22"]
[EventDate "2016.??.??"]

1. d4 Nf6 2. c4 g6 3. Nc3 d6 4. e4 Bg7 5. f3 Nc6 6. Be3 O-O 7. Qd2 e5 8. d5 Nd4
9. Bxd4 exd4 10. Qxd4 Nxe4 11. Qd3 Qh4+ 0-1

[Event "zicosur 2016"]
[Site "?"]
[Date "2016.01.07"]
[Round "5.50"]
[White "GUERRERO, Juan"]
[Black "GARMENDIA, Lucas"]
[Result "1-0"]
[WhiteElo "1877"]
[BlackElo "1468"]
[PlyCount "37"]
[EventDate "2016.??.??"]

1. d4 c5 2. c3 cxd4 3. cxd4 d6 4. e4 Nf6 5. Nc3 g6 6. Bc4 Bg7 7. Nge2 O-O 8. f3
Nc6 9. Be3 Bd7 10. Qd2 Rc8 11. Bb3 a6 12. h4 b5 13. h5 Na5 14. hxg6 hxg6 15.
Bh6 Nxb3 16. axb3 Qb6 17. Bxg7 Kxg7 18. Qh6+ Kg8 19. Qh8# 1-0

[Event "ZICOSUR 2016"]
[Site "?"]
[Date "2016.01.07"]
[Round "5.22"]
[White "GARCIA TOLEDO, Pedro"]
[Black "BELMONTE, Adriel"]
[Result "1/2-1/2"]
[WhiteElo "2234"]
[BlackElo "1942"]
[PlyCount "42"]
[EventDate "2016.??.??"]

1. e4 e6 2. d4 d5 3. exd5 exd5 4. Nf3 Nc6 5. c3 Bd6 6. Bd3 Bg4 7. O-O Nge7 8.
Bg5 Qd7 9. Bh4 O-O 10. Bg3 Bf5 11. Bxd6 Qxd6 12. Bxf5 Nxf5 13. Qd3 Nfe7 14.
Nbd2 Rfe8 15. Rfe1 Ng6 16. g3 Rad8 17. Rxe8+ Rxe8 18. Re1 Rxe1+ 19. Nxe1 Qe6
20. Ng2 Nce7 21. Qb5 Qc6 1/2-1/2

[Event "Zicosur 2016"]
[Site "?"]
[Date "2016.01.07"]
[Round "5.53"]
[White "BENNETT, Michael"]
[Black "GARMENDIA, Sofia"]
[Result "0-1"]
[WhiteElo "1737"]
[BlackElo "1335"]
[PlyCount "34"]
[EventDate "2016.??.??"]

1. c4 c5 2. Nc3 Nc6 3. g3 Nf6 4. Bg2 g6 5. Nf3 Bg7 6. O-O O-O 7. d3 d6 8. a3
Bg4 9. Rb1 Rb8 10. Ne1 Qd7 11. Bd2 Bh3 12. b4 Bxg2 13. Nxg2 Rfe8 14. b5 Ne5 15.
f4 Qh3 16. Kf2 Nfg4+ 17. Ke1 Qxg2 0-1

[Event "ZICOSUR 2016"]
[Site "?"]
[Date "2016.01.07"]
[Round "5.48"]
[White "BRIZUELA VÉLIZ, Javier"]
[Black "SUÁREZ O'HIGGINS, Luis"]
[Result "0-1"]
[WhiteElo "1534"]
[BlackElo "1992"]
[PlyCount "66"]
[EventDate "2016.??.??"]

1. d4 d5 2. Nf3 Nf6 3. c4 e6 4. Nc3 Be7 5. e3 O-O 6. cxd5 exd5 7. h3 c5 8. Be2
Nc6 9. O-O Re8 10. a3 Bd6 11. dxc5 Bxc5 12. b4 Bb6 13. Bb2 Bf5 14. Na4 Bc7 15.
b5 Ne5 16. Bxe5 Bxe5 17. Nxe5 Rxe5 18. Qd4 Re4 19. Qd1 Rc8 20. Bf3 Re8 21. Qb3
Bc2 22. Qb2 Bxa4 23. Bd1 Bxd1 24. Rfxd1 Qd7 25. a4 Rc4 26. Rd4 Rxd4 27. Qxd4 b6
28. Rc1 Rc8 29. Rxc8+ Qxc8 30. g4 Qc1+ 31. Kg2 Qc4 32. Qe5 Qe4+ 33. Qxe4 Nxe4
0-1

[Event "ZICOSUR 2016"]
[Site "?"]
[Date "2016.01.07"]
[Round "5.35"]
[White "MEDRANO MALDONADO, Mario"]
[Black "DIAZ HERRARA, German"]
[Result "1-0"]
[WhiteElo "2082"]
[BlackElo "1809"]
[Annotator "Doe,John"]
[PlyCount "51"]
[EventDate "2016.??.??"]

1. e4 c5 2. Nf3 d6 3. d4 cxd4 4. Nxd4 Nf6 5. Nc3 g6 6. Be3 Bg7 7. f3 O-O 8. Qd2
Nc6 9. Bc4 Bd7 10. O-O-O Rc8 11. Bb3 Ne5 12. h4 h5 13. Bg5 Rc5 14. Bxf6 Bxf6
15. Nd5 Rxd5 16. Bxd5 b5 17. f4 Nc4 18. Bxc4 bxc4 19. e5 Bg7 20. c3 d5 21. Rde1
Bg4 22. Nc6 Qc7 23. Qxd5 Rc8 24. Nd4 Rb8 25. g3 e6 26. Qc6 1-0

[Event "Zicosur 2016"]
[Site "?"]
[Date "2016.01.07"]
[Round "5.37"]
[White "DIAZ, Pablo"]
[Black "CELIS, Kevin"]
[Result "0-1"]
[WhiteElo "1811"]
[BlackElo "2069"]
[PlyCount "78"]
[EventDate "2016.??.??"]

1. e4 c5 2. Nf3 Nc6 3. c4 e5 4. Be2 d6 5. d3 Be7 6. O-O f5 7. Nc3 Nf6 8. Ne1 f4
9. Nd5 O-O 10. Bd2 Nd4 11. f3 Nxd5 12. cxd5 Qe8 13. Nc2 Nxc2 14. Qxc2 Qh5 15.
Be1 Rf6 16. g4 fxg3 17. Bxg3 Qf7 18. Qd2 Bh3 19. Rfc1 h5 20. Bf1 Bxf1 21. Rxf1
Rf8 22. Rf2 Rxf3 23. Raf1 Rxf2 24. Rxf2 Qg6 25. Rxf8+ Kxf8 26. Kf1 Qg4 27. Qe2
Qxe2+ 28. Kxe2 Bg5 29. h4 Bc1 30. b3 Kf7 31. Kf3 Kf6 32. Be1 g5 33. Ba5 g4+ 34.
Kg2 Ke7 35. a4 a6 36. b4 Bd2 37. Bb6 cxb4 38. d4 b3 39. dxe5 b2 0-1

[Event "Zicosur 2016"]
[Site "?"]
[Date "2016.01.07"]
[Round "5.36"]
[White "MUNOZ, Nelson"]
[Black "PARADA, Jaime"]
[Result "1-0"]
[WhiteElo "2071"]
[BlackElo "1766"]
[PlyCount "111"]
[EventDate "2016.??.??"]

1. d4 Nf6 2. Bg5 e6 3. e4 h6 4. Bxf6 Qxf6 5. c3 d5 6. e5 Qd8 7. Bd3 c5 8. Ne2
Nc6 9. O-O cxd4 10. cxd4 Nb4 11. Bb5+ Bd7 12. Bxd7+ Qxd7 13. Nbc3 Be7 14. f4 g6
15. Qd2 O-O-O 16. a3 Nc6 17. b4 Kb8 18. Nc1 Rc8 19. Nb3 b6 20. Rfc1 g5 21. b5
Nd8 22. Rc2 gxf4 23. Qxf4 Bg5 24. Qf3 Rc4 25. a4 f6 26. exf6 Rf8 27. a5 Bxf6
28. Qg3+ Qc7 29. Qd3 e5 30. Nxd5 Rxc2 31. Nxc7 Rxc7 32. axb6 axb6 33. Qe4 Nb7
34. d5 Rd8 35. Rf1 Bg7 36. Rc1 Rxc1+ 37. Nxc1 Nc5 38. Qg6 Rxd5 39. Qxb6+ Nb7
40. Qc6 Rc5 41. Qa6 Rxc1+ 42. Kf2 e4 43. Ke3 Re1+ 44. Kd2 Ra1 45. Qg6 Bf8 46.
Qe8+ Ka7 47. Qxf8 Ra2+ 48. Ke3 Rxg2 49. Qa3+ Kb6 50. Qa6+ Kc7 51. Qc6+ Kb8 52.
b6 Rg8 53. Qc7+ Ka8 54. Qf7 Rd8 55. Qa2+ Kb8 56. Qa7+ 1-0

[Event "Zicosur 2016"]
[Site "?"]
[Date "2016.01.07"]
[Round "5.29"]
[White "PUPPI LAZO, Jorge"]
[Black "JORQUERA CASTILLO, Gabriel"]
[Result "0-1"]
[WhiteElo "2139"]
[BlackElo "1919"]
[PlyCount "68"]
[EventDate "2016.??.??"]

1. e4 c5 2. Nf3 d6 3. d4 cxd4 4. Nxd4 Nf6 5. Nc3 a6 6. h3 e5 7. Nde2 b5 8. g4
Bb7 9. Bg2 b4 10. g5 bxc3 11. gxf6 gxf6 12. Nxc3 f5 13. Nd5 f4 14. O-O h5 15.
Re1 Nd7 16. b3 Rc8 17. c4 Qh4 18. Qf3 Bxd5 19. exd5 Be7 20. b4 Rxc4 21. Bd2 Nf6
22. Rac1 Rxc1 23. Rxc1 Rg8 24. b5 axb5 25. Rc8+ Bd8 26. Ba5 Ke7 27. Rxd8 Rxd8
28. Bxd8+ Kxd8 29. Qd3 Qg5 30. f3 Qg3 31. Qxb5 e4 32. Qb6+ Ke7 33. Qc7+ Nd7 34.
Qc2 exf3 0-1

[Event "ZICOSUR 2016"]
[Site "?"]
[Date "2016.01.07"]
[Round "5.39"]
[White "GARMENDIA, Gabriel"]
[Black "SANDOVAL, Sebastian"]
[Result "1-0"]
[WhiteElo "2055"]
[BlackElo "1623"]
[PlyCount "97"]
[EventDate "2016.??.??"]

1. e4 c5 2. Ne2 e6 3. d4 cxd4 4. Nxd4 Nf6 5. Bd3 Nc6 6. Nb3 Be7 7. Nc3 O-O 8.
O-O d5 9. exd5 exd5 10. Bg5 Be6 11. Qd2 Qd7 12. Rfe1 a6 13. Rad1 Rad8 14. Na4
Qc8 15. Qf4 Nh5 16. Qh4 Bxg5 17. Qxg5 Nf6 18. Re3 h6 19. Qh4 Ng4 20. Rg3 Kh8
21. h3 Nge5 22. Nac5 Nxd3 23. Nxd3 Qc7 24. Nd4 Ne7 25. Nf4 Rd6 26. Re1 Qd7 27.
Rge3 Nf5 28. Nxf5 Bxf5 29. Nd3 Bxd3 30. Rxd3 Re8 31. Red1 Rd8 32. Qd4 Kg8 33.
R3d2 b5 34. c3 Qb7 35. Re2 Re6 36. Re5 Rxe5 37. Qxe5 Qd7 38. Kf1 Kf8 39. Rd4
Qd6 40. Qxd6+ Rxd6 41. Ke2 Ke7 42. Kd3 g6 43. Rh4 g5 44. Rd4 Ke6 45. a4 Kd7 46.
Rb4 Kc6 47. axb5+ axb5 48. Rb3 Rf6 49. f3 1-0

[Event "Zicosur 2016"]
[Site "?"]
[Date "2016.01.07"]
[Round "5.9"]
[White "TERRY, Renato"]
[Black "BELMONTE, Diego Mariano"]
[Result "1/2-1/2"]
[WhiteElo "2465"]
[BlackElo "2258"]
[PlyCount "116"]
[EventDate "2016.??.??"]

1. Nf3 Nf6 2. d4 e6 3. c4 Bb4+ 4. Bd2 c5 5. Bxb4 cxb4 6. g3 O-O 7. Bg2 d6 8.
O-O Re8 9. a3 Nc6 10. axb4 Nxb4 11. Nc3 Bd7 12. e4 Bc6 13. Qd2 Qb6 14. Rfe1 a5
15. h3 Qc7 16. d5 exd5 17. cxd5 Bd7 18. Re3 Qc5 19. Rd1 Rad8 20. Nd4 Re7 21.
Rde1 Rde8 22. Kh2 Re5 23. Kg1 R5e7 24. f4 Qc4 25. Kh2 Kf8 26. Bf3 Kg8 27. g4 h6
28. Be2 Qc5 29. Bf3 Qc4 30. Kg3 Kf8 31. h4 Qc8 32. g5 Ng4 33. Bxg4 Bxg4 34.
Ndb5 Rd8 35. gxh6 gxh6 36. Qd4 Kg8 37. Qf6 Qd7 38. Rg1 h5 39. Kh2 Kh7 40. Reg3
Ree8 41. e5 dxe5 42. Ne4 Nxd5 43. Rxg4 hxg4 44. Ng5+ Kg8 45. Qh6 f5 46. Nd6 Qg7
47. Nxf5 Qxh6 48. Nxh6+ Kg7 49. Nhf7 Rc8 50. fxe5 Rc2+ 51. Kg3 Ne3 52. Kf4 Re7
53. e6 Rg2 54. Re1 Rf2+ 55. Kg3 Rg2+ 56. Kf4 Rf2+ 57. Kg3 Rg2+ 58. Kf4 Rf2+
1/2-1/2

[Event "ZICOSUR 2016"]
[Site "?"]
[Date "2016.01.07"]
[Round "5.31"]
[White "VERGARA, Felipe"]
[Black "AGUILAR, Pedro"]
[Result "1-0"]
[WhiteElo "2114"]
[BlackElo "1877"]
[PlyCount "107"]
[EventDate "2016.??.??"]

1. e4 e5 2. Nf3 Nc6 3. Bc4 Bc5 4. c3 Nf6 5. d3 Qe7 6. h3 O-O 7. Bb3 d6 8. O-O
Bb6 9. Re1 Be6 10. Bc2 Rad8 11. Nbd2 h6 12. Nf1 Kh7 13. g4 g5 14. Ng3 Rg8 15.
d4 Bc8 16. Kg2 Ne8 17. Rh1 f6 18. d5 Nb8 19. Nf5 Bxf5 20. exf5 Kg7 21. h4 Rh8
22. hxg5 hxg5 23. Rxh8 Kxh8 24. Qh1+ Qh7 25. Qxh7+ Kxh7 26. Nxg5+ fxg5 27. Bxg5
c6 28. Bxd8 Bxd8 29. f6+ Kg8 30. g5 cxd5 31. Rh1 Bxf6 32. gxf6 Nxf6 33. Bb3 Kg7
34. Rd1 Kf7 35. Bxd5+ Nxd5 36. Rxd5 Ke6 37. Rb5 b6 38. f4 exf4 39. Kf3 Kd7 40.
Kxf4 Kc6 41. Rh5 Nd7 42. b4 a6 43. a4 Nf6 44. b5+ axb5 45. axb5+ Kd7 46. Rf5
Ng8 47. Rf7+ Ne7 48. Ke4 Ke6 49. Rxe7+ Kxe7 50. Kd5 Kd7 51. c4 Kc7 52. Ke6 d5
53. cxd5 Kd8 54. Kd6 1-0

[Event "ZICOSUR 2016 "]
[Site "?"]
[Date "2016.01.07"]
[Round "5.26"]
[White "OBREGON, Carlos"]
[Black "ESTRADA, Cristian"]
[Result "1-0"]
[WhiteElo "2520"]
[BlackElo "1996"]
[PlyCount "69"]
[EventDate "2016.??.??"]

1. e4 c5 2. Ne2 e6 3. Nbc3 a6 4. d4 cxd4 5. Nxd4 Qc7 6. Qf3 Nc6 7. Nxc6 dxc6 8.
Bd3 e5 9. Qg3 Nf6 10. Be3 b5 11. O-O Ng4 12. Bc1 h5 13. h3 h4 14. Qf3 Nf6 15.
a4 b4 16. Nd1 a5 17. Ne3 Be7 18. Nc4 Be6 19. Be3 Nd7 20. Qe2 g5 21. c3 Rg8 22.
cxb4 Bxb4 23. Nd2 g4 24. hxg4 Bxg4 25. f3 Be6 26. Rac1 Be7 27. Bb5 c5 28. Kh1
Rg3 29. Qf2 Rc8 30. f4 f6 31. f5 Bf7 32. Rfd1 Bd6 33. Nf1 Rg4 34. Qf3 Bh5 35.
Rxd6 1-0

[Event "ZICOSUR 2016"]
[Site "?"]
[Date "2016.01.07"]
[Round "5.42"]
[White "PUJAICO, Kevin"]
[Black "PINEDA, Adolfo"]
[Result "0-1"]
[WhiteElo "1792"]
[BlackElo "2248"]
[PlyCount "114"]
[EventDate "2016.??.??"]

1. d4 Nf6 2. c4 e6 3. Nf3 d5 4. cxd5 exd5 5. Bg5 Be7 6. Nc3 O-O 7. e3 Nbd7 8.
Qc2 b6 9. Bd3 Bb7 10. O-O h6 11. Bh4 c5 12. Rad1 c4 13. Bf5 a6 14. Ne5 b5 15.
f4 Nb6 16. Bxf6 Bxf6 17. Qf2 b4 18. Ne2 a5 19. Bb1 Re8 20. Ng3 Nd7 21. Qc2 Nf8
22. Rf3 Bc8 23. h3 Qb6 24. Kh2 a4 25. b3 cxb3 26. axb3 a3 27. Nd3 Re7 28. Qd2
Rb7 29. Rc1 Be7 30. Rff1 Rba7 31. Ba2 Nd7 32. Rc2 Nf6 33. Rfc1 Bd7 34. Ne5 Be8
35. Nc6 Rc7 36. Nxe7+ Rxe7 37. Rc5 h5 38. Qd3 Rb7 39. Qd1 h4 40. Nf5 Qe6 41.
Qd3 Ne4 42. Nxh4 Nxc5 43. Rxc5 Rc8 44. Bb1 g6 45. f5 Qd6+ 46. g3 Rxc5 47. dxc5
Qf6 48. fxg6 a2 49. Bxa2 Qb2+ 50. Ng2 Qxa2 51. Qxd5 Qa6 52. Nf4 Qc6 53. gxf7+
Rxf7 54. Qg5+ Rg7 55. Qd8 Qd7 56. Qxd7 Rxd7 57. Kg2 Bf7 0-1